| 000 | 00804nam a22002411 4500 | ||
|---|---|---|---|
| 001 | 33048 | ||
| 003 | BD-RjUL | ||
| 005 | 20211209051934.0 | ||
| 008 | 140429s1955 enk b 001 0 eng | ||
| 035 | _a(BD-RjUL)33138 | ||
| 040 |
_aDLC _cIDeKN _dOCoLC _dDLC _dBD-RjUL _beng |
||
| 041 | _aeng | ||
| 082 |
_a185 _bARP 1955 _223 |
||
| 100 | 1 |
_aAristotle. _9100424 |
|
| 245 | 1 | 0 |
_aParva naturalia / _cAristotle ; a revised text with introduction and commentary by Sir David Ross. |
| 260 |
_aOxford : _bClarendon Press, _c1955. |
||
| 300 |
_axi, 354 p. ; _c23 cm. |
||
| 504 | _aBibliography: p. [ix]-xi. | ||
| 504 | _aIncludes index. | ||
| 650 | 0 |
_aPsychology _vEarly works to 1850. _962212 |
|
| 700 | 1 |
_aRoss, W. D. _q(William David), _d1877-1971, reviser, Introducer and commentator _9233457 |
|
| 942 |
_2ddc _cRAR |
||
| 999 |
_c33048 _d33048 |
||